Largest Active Military Per Capita - Statistics

General Stats
  • This quiz has been taken 22 times
  • The average score is 5 of 14
Answer Stats
Active Per Capita Country % Correct
50.7 North Korea
100%
21.3 Israel
90%
12.2 South Korea
67%
34.4 Eritrea
38%
12.3 Singapore
38%
10.4 United Arab Emirates
38%
12.4 Oman
33%
12.1 Djibouti
29%
14.7 Armenia
24%
12.3 Cyprus
24%
10.8 Sri Lanka
24%
16.2 Brunei
14%
14.2 South Sudan
14%
13.1 Greece
10%
No matching quizzes found
Score Distribution
Percent of People with Each Score
Percentile by Number Answered
Your Score History
You have not taken this quiz